00502nam a2200181Ia 4500001000900000003000500009005001700014008004100031010001100072040000900083082001300092100002300105245008100128260003800209300001100247500001300258650004900271dia_2491CHAP20251027151549.0220117s1990 xx 000 0 und d a173014 cCHAP a607.2 G4 aGhosh, Subir. ed. aStatistical Design and Analysis of Industrial Experiments /c by Subir Ghosh aNew york :b Marcel Dekker,c1990 a533 p. aI.212332 a1.Estadísticaxinvestigación industrial.